Statistics for Tom Cruise Movies Quiz

Click here to take the quiz!

General Stats

  • This quiz has been taken 37,043 times
    (11,499 since last reset)
  • The average score is 17 of 42

Answer Stats

YearMovie% Correct
2006Mission: Impossible III
95%
2015Mission: Impossible -
Rogue Nation
95%
2000Mission: Impossible II
95%
2011Mission: Impossible -
Ghost Protocol
95%
1996Mission: Impossible
95%
1986Top Gun
87%
1996Jerry Maguire
56%
2016Jack Reacher:
Never Go Back
50%
2012Jack Reacher
50%
1983Risky Business
50%
1999Eyes Wide Shut
49%
2001Vanilla Sky
49%
1988Cocktail
47%
1988Rain Man
44%
2008Tropic Thunder
44%
1990Days of Thunder
43%
1992A Few Good Men
41%
2017The Mummy
41%
2002Minority Report
40%
2005War of the Worlds
37%
2014Edge of Tomorrow
34%
2010Knight and Day
33%
1994Interview with the Vampire
31%
2003The Last Samurai
30%
2013Oblivion
30%
1993The Firm
29%
1992Far and Away
29%
2004Collateral
28%
1989Born on the Fourth of July
28%
1999Magnolia
28%
1983The Outsiders
26%
2008Valkyrie
23%
2017American Made
22%
1986The Color of Money
21%
1985Legend
19%
2012Rock of Ages
17%
1981Taps
17%
(2002)Austin Powers in
Goldmember
16%
1983All the Right Moves
16%
2007Lions for Lambs
11%
1981Endless Love
10%
1983Losin' It
9%

Score Distribution

Percentile by Number Answered

Percent of People with Each Score

Your Score History

You have not taken this quiz since the last reset